|
|
|
|
| LEADER |
00000nab a2200000 a 4500 |
| 001 |
vtls000753537 |
| 003 |
SK-MaSNL |
| 005 |
20260304174819.0 |
| 008 |
250429c2000 xo 0 slo |
| 015 |
|
|
|a SNBRB2001/03-08356
|
| 035 |
|
|
|a CLN000105324
|
| 035 |
|
|
|a urn:nbn:sk:snk-ab359k
|
| 035 |
|
|
|a (urnnbn)urn:nbn:sk:snk:ar-a065ny
|
| 035 |
|
|
|a (uuid)c51ea5ea-3b47-4847-a822-fd21726c49f9
|
| 040 |
|
|
|a SNKBUCL
|b slo
|c SNKBUCL
|e AACR2
|
| 041 |
0 |
|
|a slo
|
| 044 |
|
|
|a xo
|c SK
|
| 080 |
|
|
|a 616-002.5(437.6)"1999"
|2 1997
|
| 080 |
|
|
|a 616.24-002.5(437.6)"1999"
|2 1997
|
| 100 |
1 |
|
|a Krištúfek, Peter,
|d 1945-2022
|4 aut
|9 115136
|
| 245 |
1 |
0 |
|a Epidemiologická situácia v tuberkulóze v roku 1999 v Slovenskej republike
|c P. Krištúfek, E. Rajecová, J. Trenkler
|
| 300 |
|
|
|b Obr., tab.
|
| 504 |
|
|
|a Res. angl., slov.
|
| 504 |
|
|
|a Bibliogr. odkazy
|
| 650 |
0 |
7 |
|a tuberkulóza
|z Slovensko
|y 1999
|2 snkbucl
|9 1506558
|
| 650 |
0 |
7 |
|a pľúcna tuberkulóza
|2 snkbucl
|9 21958
|
| 655 |
|
7 |
|a články z novín a časopisov
|2 snkbucl
|9 267496
|
| 700 |
1 |
|
|a Rajecová, Eva
|4 aut
|9 832484
|
| 700 |
1 |
|
|a Trenkler, Juraj
|4 aut
|9 832485
|
| 773 |
0 |
|
|t Studia pneumologica et phthiseologica
|g Roč. 60, č. 5 (2000), s. 220-222
|x 0371-2222
|
| 850 |
|
|
|a Slovenská národná knižnica
|
| 852 |
|
|
|a Slovenská národná knižnica
|
| 954 |
|
|
|a odborná, vedecká literatúra pôvodná (slovenská)
|2 lita
|
| 958 |
|
|
|a article27
|
| 958 |
|
|
|a MI
|
| 958 |
|
|
|a NB
|
| 958 |
|
|
|a SK
|
| 958 |
|
|
|a OND
|
| 958 |
|
|
|a EUIPO
|
| 999 |
|
|
|c 3010521
|d 3012451
|